000 02057cam a22004454i 4500
003 PE-LiUPU
005 20250731165428.0
008 160210s2011 pe a grm 000 0 spa d
035 _a(Sirsi) a156055
040 _aPE-LiUPU
_bspa
_cPE-LiUPU
_erda
099 _aTE 2
_bB28 2011
100 1 _aBazán Huamán, Raquel Jemima
_eautor
245 1 _aInfluencia del desempeño profesional del docente en la disortografía de los estudiantes del 2do al 6to grado de la I.E. "Brasil" /
_cRaquel Jemima Bazán Huamán.
264 0 _c2011.
300 _a127 hojas :
_bilustraciones;
_c30 cm
336 _atext
_2rdacontent
337 _aunmediated
_2rdamedia
338 _avolume
_2rdacarrier
502 _aTesis
_b(Lic.) --
_cUniversidad Peruana Unión,
_d2011.
504 _aIncluye referencias
520 3 _aEl propósito fue determinar la influencia del desempeño profesional docente en la disortografía de los estudiantes del 2° al 6° grado de la I.E.A. Brasil. La muestra estuvo constituida por 38 estudiantes y 5 docentes a quienes se les aplicó un test y una guía de observación estructurada de clases respectivamente, lo que permitió recopilar la información necesaria para el estudio. -Estos resultados permitieron determinar la influencia del docente en la disortografía de los estudiantes, el que podrá ser utilizado en las diferentes IE Adventistas y IE Publicas para mejorar las relaciones interpersonales docente estudiante, como propone la filosofía de la Educación Cristiana Adventista.
526 _aSEG44
526 _aSEG26
526 _aP151
526 _aP150
526 _aP149
526 _aP146
526 _aP145
526 _aP126
526 _aP125
526 _aP92
526 _aP75
526 _aP74
526 _aP27
526 _aP15
650 0 4 _aOrtografía
_xProfesores I.P.
596 _a1
942 _2ddc
_cTESIS
999 _aTE 2 B28 2011
_wALPHANUM
_c8735
_iT01296
_lCCODEBUL3
_mBUL
_r1
_sY
_tTESIS
_u2016-2-10
_xEDUCACION
_PP20
_o.STAFF. Tesis
_d8735
980 _81
_gALBERTO SANCHEZ Responsable de Automatización